Đại cương lịch sử Việt Nam T.1
Bộ sách Đại cương Lịch sử Việt Nam gồm 3 tập, trình bày khái quát lịch sử Việt Nam từ thời sơ khai cho đến thời đại ngày nay với bức tranh tổng thể về tất cả các lĩnh vực: xã hội, kinh tế, chính trị, văn hóa, ... Tập I nghiên cứu từ...
Đã lưu trong:
| Príomhúdar: | |
|---|---|
| Údair Eile: | |
| Formáid: | Leabhar |
| Teanga: | Undetermined |
| Foilsithe: |
H.
Giáo dục Việt Nam
2009
|
| Ábhair: | |
| Rochtain Ar Líne: | http://lrc.tdmu.edu.vn/opac/search/detail.asp?aID=2&ID=14536 |
| Clibeanna: |
Cuir Clib Leis
Gan Chlibeanna, Bí ar an gcéad duine leis an taifead seo a chlibeáil!
|
| Thư viện lưu trữ: | Trung tâm Học liệu Trường Đại học Thủ Dầu Một |
|---|
| LEADER | 01517nam a2200241Ia 4500 | ||
|---|---|---|---|
| 001 | TDMU_14536 | ||
| 008 | 210410s9999 xx 000 0 und d | ||
| 082 | |a 959.7 | ||
| 090 | |b TR561 | ||
| 100 | |a Trương, Hữu Quýnh | ||
| 245 | 0 | |a Đại cương lịch sử Việt Nam | |
| 245 | 0 | |c Trương Hữu Quýnh (ch.b.), Phan Đại Doãn, Nguyễn Cảnh Minh | |
| 245 | 0 | |n T.1 | |
| 245 | 0 | |p Từ thời nguyên thủy đến 1858 | |
| 260 | |a H. | ||
| 260 | |b Giáo dục Việt Nam | ||
| 260 | |c 2009 | ||
| 300 | |a 487tr | ||
| 520 | |a Bộ sách Đại cương Lịch sử Việt Nam gồm 3 tập, trình bày khái quát lịch sử Việt Nam từ thời sơ khai cho đến thời đại ngày nay với bức tranh tổng thể về tất cả các lĩnh vực: xã hội, kinh tế, chính trị, văn hóa, ... Tập I nghiên cứu từ thời nguyên thủy đến năm 1858.; TM tài liệu tham khảo tr.481-483; LS051 |d Nhà nước phong kiến Việt Nam; LS085 |d Việt Nam trong tiến trình lịch sử thế giới; LS004 |d Tiến trình lịch sử Việt Nam 1; TH Cơ sở tự nhiên và xã hội | ||
| 650 | |a Việt Nam |x Lịch sử |y Nguyên thủy đến 1858 | ||
| 700 | |a Phan, Đại Doãn | ||
| 856 | |u http://lrc.tdmu.edu.vn/opac/search/detail.asp?aID=2&ID=14536 | ||
| 980 | |a Trung tâm Học liệu Trường Đại học Thủ Dầu Một | ||